000 01778cam a2200445 i 4500
999 _c420
_d420
001 964624671
003 OCoLC
005 20190814111250.0
008 161117s2017 si ab b 001 0 eng c
010 _a 2016053371
020 _a9781119062493
_qpaperback
020 _a1119062497
_qpaperback
024 8 _a40027280870
035 _a(OCoLC)964624671
040 _aNIC/DLC
_beng
_erda
_cCOO
_dDLC
_dOCLCF
_dOCLCQ
_dSINLB
_dYDX
_dYDX
_dOCLCO
_dYUS
_dNYP
042 _apcc
043 _aas-----
049 _aNYPP
082 0 0 _a959 SHO
_223
091 _a959
245 1 2 _aA short history of South-East Asia /
_cEdited by Peter Church.
250 _a6th edition.
264 1 _aSingapore :
_bJohn Wiley & Sons Singapore Pte. Ltd.,
_c[2017]
300 _axviii, 252 pages :
_billustrations, maps ;
_c22 cm.
336 _atext
_btxt
_2rdacontent.
337 _aunmediated
_bn
_2rdamedia.
338 _avolume
_bnc
_2rdacarrier.
504 _aIncludes bibliographical references and index.
505 0 _aBrunei -- Cambodia -- East Timor -- Indonesia -- Lao PDR -- Malaysia -- Myanmar -- Philippines -- Singapore -- Thailand -- Vietnam.
520 _a"This book will aid readers' knowledge of this region by addressing its historical past and political future. It is based around a prophetic observation of Lee Kuan Yew, the legendary former Prime Minister of Singapore, that "to understand the present and to anticipate the future, one must know enough of the past, enough to have a sense of the history of a people"--
_cProvided by publisher.
651 0 _aSoutheast Asia
_xHistory.
700 _aChurch, Peter
_eEditor
901 _aMARS
901 _aMARS
901 _akff
_bCATBL
908 0 0 _aDS525
942 _2ddc
_cNFIC
945 _a.b214696510
946 _am